000 00776nam a2200217Ia 4500
003 GCL
005 20240530102329.0
008 140319s9999 xx 000 0 ara d
040 _aGCL /
_cGCL
082 0 4 _a415.1
_bا ش
100 1 _aابن على بن يعيش النحوى، موفق الدين
245 1 0 _aشرح المفصل /
_cابن على بن يعيش النحوى، موفق الدين
260 _a[ القاهرة ] :
_bمكتبة المتنبى ،
_c1990
260 _aدمشق :
_bمطبوعات مجمع اللغة العربية
_c1990
300 _aمتعدد ؛
_b24 سم
500 _a6 مجلد
650 0 4 _aالنحو
650 0 4 _aاللغة العربية
700 _4عاصم بهجة البيطار
_aصنعه
942 _2ddc
_cBK
999 _c31479
_d31479